| 000 | 01408cpcaa2200361 a 4500 | ||
|---|---|---|---|
| 001 | mm 79001739 | ||
| 003 | DLC | ||
| 005 | 20260227111638.0 | ||
| 008 | 791113|||||||||||| eng | ||
| 010 | _amm 79001739 | ||
| 040 |
_aDLC _cDLC _edacs _dDLC |
||
| 072 | 7 |
_aC _2lcmd |
|
| 100 | 1 | _aShipman, Thomas. | |
| 245 | 0 | 0 |
_aThomas Shipman correspondence, _f1769. |
| 300 |
_a1 _fitem. |
||
| 506 | 0 | _aOpen to research. | |
| 520 | 8 | _aALS (1769 March 6) written by Shipman to Henry Remson in New York regarding his order and mentioning the possibility that Parliament would repeal taxes on paper and glass [Townshend Acts]. | |
| 545 | 0 | _aBritish merchant. | |
| 546 | _aCollection material in English. | ||
| 580 | _aForms part of: Miscellaneous Manuscripts collection. | ||
| 600 | 1 | 0 |
_aRemson, Henry _vCorrespondence. |
| 600 | 1 | 0 |
_aTownshend, Charles, _d1725-1767. |
| 610 | 1 | 0 |
_aGreat Britain. _bParliament. |
| 650 | 0 |
_aGlass _xTaxation. |
|
| 650 | 0 |
_aMerchants _zGreat Britain. |
|
| 650 | 0 |
_aPaper _xTaxation. |
|
| 651 | 0 |
_aGreat Britain _xColonies _zAmerica. |
|
| 651 | 0 |
_aNew York (State) _xHistory _yColonial period, ca. 1600-1775. |
|
| 651 | 0 |
_aUnited States _xHistory _yColonial period, ca. 1600-1775. |
|
| 656 | 7 |
_aMerchants. _2itoamc |
|
| 999 |
_c40898 _d40898 |
||